Ley para fomentar la recuperación económica y facilitar la expansión de oportunidades económicas en la región de la Cuenca del Caribe (Fotocopia) /

Kaydedildi:
Detaylı Bibliyografya
Kurumsal yazarlar: Estados Unidos. Leyes, Decretos, Grupo empresarial CEFSA
Materyal Türü: Metin
Baskı/Yayın Bilgisi: s.l.: CEFSA
Etiketler: Etiketle
Etiket eklenmemiş, İlk siz ekleyin!

MARC

LEADER 00000 a a2200000 04500
001 23588
003
040
090 |a 168500  
110 |a Estados Unidos. Leyes, Decretos  
245 |a Ley para fomentar la recuperación económica y facilitar la expansión de oportunidades económicas en la región de la Cuenca del Caribe (Fotocopia) /  |c Estados Unidos. Leyes, Decretos  
260 |a s.l.:   |b CEFSA  
300 |a 21 p.  
710 |a Grupo empresarial CEFSA  
999 |c 8144  |d 8144